1192 1526 1881 1997 1525 1183 1777 1102 1512 1580 1893 1924 1598 1375 1145 1135 1492 1051 1678 1435 1846 1302 1766 1919 1962 1959 1304 1739 1826 1934 1351 1308 1731 1216 1408 1612 1269 1876 1318 1313 1292 1133 1154 1499 1985 1952 1501 1179 1620 1641 1046 1281 1166 1351 1950 1764 1937 1838 1769 1071 1769 1089 1282 1503 1663 1930 1396 1025 1366 1047 1041 1558 1708 1068 1733 1230 1162 1773 1587 1346 1419 1960 1486 1379 1362 1169 1237 1380 1124 1422 1589 1359 1972 1196 1407 1808 1819 1643 1753 BCNSPRNW ULIB Ver.6.0+V

เปลี่ยนเป็นภาษาไทย

Change to English
 แสดงรายละเอียดบรรณานุกรม
  กลับหน้าหลัก

Brief Record : Get Marc (ISO 2709) : E-mail record : QR code < ปิดหน้าต่าง
LEADER : 00000nam 2200000uu 4500
001    13399112448
003     ULIB
008    110627s2551||||th 000 0 tha d
020    9789743192678
090    นว.^bอ463M 2551
100 0  อะมีราห์
245 00 My Beloved Enemy...ปมรักในรอยแค้น/^cอะมีราห์
250    พิมพ์ครั้งที่ 2
260    กรุงเทพฯ :^bแจ่มใส,^c2551
300    168 หน้า
710 1  แจ่มใส
945    ^p129^l0^i030451
995    ทศพร
999 ^a ใช้งานได้ทุกระบบ
รายการนี้ยังไม่มีแท็ก
คุณยังไม่ได้ล็อกอิน คุณสามารถมีกิจกรรมร่วมกับเว็บไซต์ได้ แต่ต้องล็อกอินก่อน ::
  ล็อกอิน

รายการสื่อสารสนเทศ

ลำดับที่ ประเภท เลขเรียก/บาร์โค้ด สถานที่ สถานะ
- ไม่พบข้อมูล -

BibComment


ยังไม่เคยถูกคอมเมนท์

คอมเมนท์ทรัพยากรรายการนี้
  คอมเมนท์: My Beloved Enemyป..


 Copyright 2026. Bcnsprnw @Library